000 00403nam a2200181Ia 4500
008 101110s9999 xx 000 0 und d
041 _aENGLISH
082 _bSR3749
100 _aParsons L. M.
245 _aEveryday science
520 _aPhysics
546 _aENGLISH
630 _aEveryday science
650 _aPhysics
655 _aPhysics
730 _aEveryday science
942 _cBOOK
999 _c800189
_d800186